Quizzes
Events
Quiz Creation
Community
Videos
Private Events
Remove Ads
Sign In
Join for FREE
Feedback
Dark Mode
Quiz Categories
Sports
Geography
Music
Movies
Television
Just For Fun
Miscellaneous
History
Literature
Language
Science
Gaming
Entertainment
Religion
Holiday
For Kids
Quiz Lab
Recent
Popular Today
Quiz Kudos Today
Editor Picks
Curator Picks
Quizzes by...
Day
Popularity
Type
Ratings
Length
Year
Community
Subscriptions
Recent Discussions
Orange Saloon
Badges
Playlists
Quests
Create
Leaderboards
Showdown
Live 5
Trivia Bingo
Activity
Puzzle Library
Sporcle Events
Private Events
Virtual Trivia
Globe League
Become a Host
Pub Owners
SporcleCon
Opinionation
Our Games
Videos
Blog
Mobile Apps
Partnerships
Remove Ads and Go Orange
Feedback
Geography
Country
Landmarks
City
State
Population
World
Capital
Continent
Flags
Europe
Africa
Asia
South America
North America
Oceania
Border
Canada
United Kingdom
Topography
United States
Geography
Country
Landmarks
City
State
Population
World
Capital
Continent
Flags
Europe
Africa
Asia
South America
North America
Oceania
Border
Canada
United Kingdom
Topography
United States
Random Quiz
Search Sporcle
×
Quiz Lab
Quiz Lab
Geography
Clickable
Select answers by clicking on text or image buttons
Select answers by clicking on text or image buttons
Clickable
Best Score? Go Orange.
US Metros by Secondary Cities Stats
Can you pick the US metropolitan areas in which these cities are the 2nd-6th largest?
By
save_ferris15
10m
50 Questions
721 Plays
721 Plays
721 Plays
Comments
Comments
Give Quiz Kudos
Give Quiz Kudos
-
- Ratings
hide this ad
More Info
Forced Order
Answers have to be entered in order
Answers have to be entered in order
Replay
Link that replays current quiz
Next Quiz
Link to next quiz in quiz playlist
You Got
0%
They Got
Avg Score
81%
Avg Friend Score
Upgrade to see
Score Distribution
Jump to the score distribution portion of the page
Score
0/50
Timer
10:00
0
Plays Today
% Correct
Dallas
95.7%
New York
95.7%
New York
95.6%
Los Angeles
94.7%
Phoenix
94%
Dallas
93.8%
New York
93.3%
Dallas
93.2%
Boston
92.5%
Phoenix
92.4%
Phoenix
91.8%
San Francisco
90.3%
Seattle
90.2%
Chicago
89.9%
Miami
89.2%
Phoenix
88.6%
Los Angeles
88.3%
Boston
88.1%
New York
87.7%
Miami
87.1%
Dallas
86.8%
Los Angeles
86.8%
Chicago
86.1%
Chicago
85.2%
Boston
84.6%
% Correct
Dallas
84%
Los Angeles
84%
New York
83.5%
Seattle
83.2%
Atlanta
82%
Phoenix
82%
Seattle
81.4%
Chicago
80.6%
Los Angeles
80.3%
San Francisco
79.5%
Atlanta
79.1%
Chicago
78.2%
Atlanta
74.6%
Atlanta
74.6%
Atlanta
71.7%
Boston
69.9%
Miami
68.8%
Seattle
67.1%
Miami
66.4%
San Francisco
66.4%
Miami
65.5%
San Francisco
63.4%
Boston
62.6%
Seattle
56.2%
San Francisco
47.3%
Quiz Playlist
Details
Report
Send in Message
Add To Playlist
More Info:
CDPs are not included.
Clickable:
Select answers by clicking on text or image buttons
Forced Order:
Answers have to be entered in order
Quiz Source
Last Updated: Feb 16, 2017
Quiz Scoreboard
CHALLENGE
Sign Up to Join the Scoreboard
Show All
Scores
Hide
Comments
May contain spoilers
Recently Published
1-10 Letter E Words III
by El_Dandy
Language
2m
One Thing in Common: World Cities II
by knightlancer
Geography
7m
Popular People in 1961
by mucciniale
History
6m
More to Explore
Quiz From the Vault
Featured Blog Post
Where Did the Easter Bunny Come From?
hide this ad
You Might Also Like...
Tags
City Quiz
Clickable Quiz
metropolitan
Secondary
suburb
US Metro
US Metros
Today's Top Quizzes in Geography
Browse Geography
hide this ad
Today's Top Quizzes in Clickable
Browse Clickable
Top Contributed Quizzes in Geography
1
Countries of the World - No Outlines Minefield
2
Top 25 Cities of France on a map
3
African Flag Reveal XLV
4
Closest Countries to UK A-Z
5
Blind Secret Country CLXXXVIII
6
Find the US States - No Outlines
7
One Thing in Common: Asia
8
One Thing in Common: United Kingdom
9
One Thing in Common: Geography
10
One Thing in Common: Around the World
Explore More
Trending Topics
Kpop
Harry Potter
Crossword
Disney
NBA
Marvel
Anime
Puzzle
WWE
Song
Pokémon
NFL
The Office
Soccer
Country
hide this ad
More By:
save_ferris15
Quiz
Plays
Rating
Category
Featured
Created
Most Populous US Cities Minefield
378,804
3.53
Geography
Apr 23, 2012
Populous US Capitals Minefield
153,714
4.32
Geography
Oct 15, 2011
Populous Cities in Populous States
110,272
4.62
Geography
Aug 28, 2011
Populous Metros Sorting Gallery
103,729
4.27
Geography
Mar 29, 2012
Populous Cities in Populous States II
72,866
4.64
Geography
Sep 1, 2011
Go to Creator's Profile
Score Distribution
Quiz Creator Spotlight
save_ferris15
Follow
Send a Message
Quizzes Created
-
Created Quiz Play Count
-
More By This Creator
Popular Quizzes Today
1
Find the US States - No Outlines Minefield
2
The Countries of the World
3
Popular People in 1961
4
Find the Countries of Europe - No Outlines Minefield
5
1-10 Letter E Words III
6
Find the US States
7
One Thing in Common: World Cities II
8
US States
More Geography Quizzes
Capital Minus Country
Published
Trending Quizzes
1-10 Letter F Words
1-10 Letter G Words
Risky Map Clicking: Next State Alphabetically
1-10 Letter F Words II
Risky Map Clicking: States by Unique Starting Letters
Recently Updated
Leaping Animals
pecheneg
Reality TV Shows (A-Z)
bhenderson79
Rickey Henderson's Hall of Fame Teammates
pecheneg
Champions League XIs: Arsenal
pecheneg
Quick Pick: Celebrities in WWE's Hall of Fame
aduchscher
A-Z Keypad Blitz II
pecheneg
Multiple Oscar Actors
pecheneg
Mystery Phrase Blitz: Oscar 'Best Actors'
pecheneg
F. Scott Fitzgerald Novels
LTH
Pick 3 Villains
ddd62291
Trending Topics
Harry Potter
Marvel
Crossword
Disney
NBA
Kpop
Anime
The Office
Pokémon
Puzzle
Soccer
Song
WWE
Country
NFL
Your Account Isn't Verified!
In order to create a playlist on Sporcle, you need to verify the email address you used during registration. Go to your
Sporcle Settings
to finish the process.
Report this User
Report this user for behavior that violates our
Community Guidelines
.
Details:
Send Report
Go to the Sporcle.com Mobile Site →
Comments